| 000 | 00481nam a2200145Ia 4500 | ||
|---|---|---|---|
| 008 | 231129s1999||||xx |||||||||||||| ||spa|| | ||
| 020 | _a958-676-078-2 | ||
| 040 | _bspa | ||
| 082 | _a(EN PROCESO DE DESCARTE) 342.06861 A973e | ||
| 100 | _aCarrera Administrativa Funcionarios y Empleados locales | ||
| 245 | 0 | _aElementos de derecho administrativo general | |
| 260 | _c1999 | ||
| 264 | _aBogotá (Colombia): Doctrina y Ley | ||
| 942 |
_2ddc _cBKS |
||
| 999 |
_c12755 _d12755 |
||